000 01045nam a2200229Ia 4500
003 Ost
005 20260507075640.0
008 260507s9999||||xx |||||||||||||| ||und||
040 _cfsecg
041 _aara
082 _a658.5
100 _aالعبد، حلال ابراهيم
_eمؤلف
245 0 _aإدارة الانتاج والعمليات :
_bمدخل كمي /
_c حلال ابراهيم العبد
260 _aالإسكندرية:
_bالدار الجامعية,
_c2002
300 _a332 صفحة؛
_bإيضاحات ؛
_c24 سم
504 _aالمراجع ص.327
520 _aالانتاج والانتاجية،التنبؤ بالطلب،أساليب جدولة الانتاج في الاجل القصير،التخطيط الاجمالي،البرمجة الخطية،الحل البياني،التخطيط و متابعة المشروعات،نماذج المحاكاة،نظرية صفوف الانشطار
653 _aالإنتاج
653 _aالانتاجية
653 _aالطلب
942 _cكتاب
999 _c45376
_d45376